Nghiên cứu chiết tách và xác định một số hợp chất hóa học trong dịch chiết lá sakê bằng ethanol
Xác định một số chỉ tiêu hóa lý của lá sakê. Khảo sát một số điều kiện chiết thích hợp. Xác định thành phần hóa học, công thức cấu tạo một số cấu tử trong dịch chiết lá sakê.
Đã lưu trong:
| Príomhúdar: | |
|---|---|
| Údair Eile: | |
| Formáid: | Leabhar |
| Foilsithe: |
Đà Nẵng
Đại học Sư phạm, Đại học Đà Nẵng
2012
|
| Ábhair: | |
| Clibeanna: |
Cuir Clib Leis
Gan Chlibeanna, Bí ar an gcéad duine leis an taifead seo a chlibeáil!
|
| Thư viện lưu trữ: | Mạng thư viện Đại học Đà Nẵng |
|---|
| LEADER | 01848nam a2200337 4500 | ||
|---|---|---|---|
| 001 | 000017570 | ||
| 003 | 13989 | ||
| 005 | 20130510100544.0 | ||
| 008 | 130425s2012 sd | ||
| 082 | |a 615.19 |b PH-H | ||
| 100 | 1 | |a Phạm Thị Thanh Huệ | |
| 245 | |a Nghiên cứu chiết tách và xác định một số hợp chất hóa học trong dịch chiết lá sakê bằng ethanol |c Phạm Thị Thanh Huệ ; Phan Thảo Thơ hướng dẫn |k Khóa luận tốt nghiệp | ||
| 260 | |a Đà Nẵng |b Đại học Sư phạm, Đại học Đà Nẵng |c 2012 | ||
| 300 | |a 52 tr. |b Hình mh. |c 29 cm. |e Đĩa CD, bản tóm tắt | ||
| 500 | |a Khóa luận tốt nghiệp đại học. Chuyên ngành: Cử nhân Hóa Dược | ||
| 504 | |a Mục lục đầu trang, tài liệu tham khảo tr. 73 - 74, phụ lục [13 tr.] | ||
| 520 | |a Xác định một số chỉ tiêu hóa lý của lá sakê. Khảo sát một số điều kiện chiết thích hợp. Xác định thành phần hóa học, công thức cấu tạo một số cấu tử trong dịch chiết lá sakê. | ||
| 600 | 1 | 4 | |b Vua |c Đinh Tiên Hoàng |
| 650 | 0 | 4 | |a Lá sakê |v Khóa luận tốt nghiệp |x Nghiên cứu, chiết tách |x Thành phần hóa học |
| 653 | |a Khoa Hóa học |a Ethanol |a Dịch chiết lá sakê |a Hợp chất hóa học | ||
| 700 | |a Phan Thảo Thơ |e Hướng dẫn | ||
| OWN | |a LSP | ||
| AVA | |a UDN50 |b LSP |d 615.19 PH-H |e available |t Error 5001 Not defined in file expand_doc_bib_avail. |f 1 |g 0 |h N |i 0 |k 1 | ||
| 999 | |a From the UDN01 | ||
| AVA | |a UDN50 |b LSP |d 615.19 PH-H |e available |t Error 5001 Not defined in file expand_doc_bib_avail. |f 1 |g 0 |h N |i 0 |k 1 | ||
| TYP | |a Monograph | ||
| TYP | |a Printed language | ||
| 980 | |a Mạng thư viện Đại học Đà Nẵng | ||